Central Library OPAC University of Rajshahi

The economics of power system reliability and planning : (Record no. 3487)

MARC details
000 -LEADER
fixed length control field 01159pam a2200325 i 4500
001 - CONTROL NUMBER
control field 3487
003 - CONTROL NUMBER IDENTIFIER
rucl marc code BD-RjUL
005 - DATE AND TIME OF LATEST TRANSACTION
control field 20211208233734.0
008 - FIXED-LENGTH DATA ELEMENTS--GENERAL INFORMATION
fixed length control field 131219s1979 mdua b 00110 eng
020 ## - INTERNATIONAL STANDARD BOOK NUMBER
International Standard Book Number 0801822769
International Standard Book Number 0801822777 (pbk.)
035 ## - SYSTEM CONTROL NUMBER
System control number (BD-RjUL)3521
040 ## - CATALOGING SOURCE
Original cataloging agency DLC
Transcribing agency DLC
Modifying agency BOS
-- BD-RjUL
Language of cataloging eng
041 ## - LANGUAGE CODE
Language code of text/sound track or separate title eng
082 ## - DEWEY DECIMAL CLASSIFICATION NUMBER
Classification number 338.43
Author mark and year MUE
100 10 - MAIN ENTRY--PERSONAL NAME
Personal name Munasinghe, Mohan.
9 (RLIN) 10986
245 14 - TITLE STATEMENT
Title The economics of power system reliability and planning :
Remainder of title theory and case study /
Statement of responsibility, etc. Moham Munasinghe, with contributions by Walter G. Scott and Mark Gellerson.
260 ## - PUBLICATION, DISTRIBUTION, ETC. (IMPRINT)
Place of publication, distribution, etc. Baltimore :
Name of publisher, distributor, etc. Published for the World Bank [by] Johns Hopkins University Press,
Date of publication, distribution, etc. c1979.
300 ## - PHYSICAL DESCRIPTION
Pagination xx, 323 p. :
Illustrations ill. ;
Size 24 cm.
490 0# - SERIES STATEMENT
Series statement A World Bank research publication
500 ## - GENERAL NOTE
General note Includes index.
504 ## - BIBLIOGRAPHY, ETC. NOTE
Bibliography, etc Bibliography: p. 306-314.
650 #0 - SUBJECT ADDED ENTRY--TOPICAL TERM
Topical term or geographic name as entry element Electric power systems
General subdivision Reliability
-- Economic aspects.
9 (RLIN) 10987
Topical term or geographic name as entry element Electric utilities
Geographic subdivision Developing countries
General subdivision Case studies.
9 (RLIN) 10988
700 10 - ADDED ENTRY--PERSONAL NAME
Personal name Scott, Walter G.
Personal name Gellerson, Mark.
942 ## - ADDED ENTRY ELEMENTS (KOHA)
Source of classification or shelving scheme Dewey Decimal Classification
Koha item type Books
Holdings
Lost status Source of classification or shelving scheme Damaged status Not for loan Collection code Permanent Location Current Location Shelving location Date acquired Source of acquisition Total Checkouts Full call number Date last seen Copy number Koha item type
  Dewey Decimal Classification   Not For Loan Non-fiction Central Library, University of Rajshahi Central Library, University of Rajshahi Reading Room 13/11/1980 Korea gift   338.43 MUE 1979 19/12/2013 C-1 Books